000 00510cam0a220019300 4500
001 tmp15754228
003 UPRA
005 20190819091559.0
008 951020s1991 xx eng u
035 _a(Sirsi) r42178
035 _a(UPRA)tmp15754228
040 _cUPRA
245 0 0 _aEndangered languages.
260 _c1991.
949 _aP121
_wlcc
_i-51409
_mMAIN
_tBOOK
_lON-SHELF
949 _aP121
_wlcc
_i-51410
_mMAIN
_tBOOK
_lON-SHELF
949 _aP121
_wlcc
_i-51411
_mMAIN
_tBOOK
_lON-SHELF
004 42178
999 _c95719
_d95719